000 00557nam a2200205Ia 4500
005 20250515130634.0
008 210303s9999 xx 000 0 und d
016 _2reto2022b
040 _aNLN
_bEnglish
050 _aBF121
_b.J2
082 _a150
100 _aJAMES, William
_d1842-1910
_eaut
_941404
245 4 _aThe principles of psychology /
_cWilliam James
250 _aAuthorized edition
260 _aNew York :
_bDover Publications,
_c1950
300 _a[?]p.
_billus., ; 22cm.
563 _a(pbk)
650 _aPsychology
_94857
942 _cBK
999 _c25557
_d25557